000 01227cad a22002055a 4500
001 L152837
008 110505e20110502xxk 000 0 eng d
035 _a(Sirsi) u152837
041 0 _aeng
110 2 _aLloyds TSB
_94126
245 0 0 _aMillion pound home sales rise at fastest rate since 2006
_h[electronic resource]
260 _c2011
490 _aLloyds TSB Million Pound Property Report
_v2 May 2011
520 _aThe number of million pound property sales in 2010 in the UK increased at the fastest rate since 2006, a total of 7 185 outpeforming all other sectors of the UK residential market. London and South East accounts for 83% of sales in 2010 with West Midlands showing signs of substantial growth. Multi-million property sales in 2010 also increased. Tracks all residential property sales of at least £1 million in Great Britain using data from the HM Land Registry and Registers of Scotland.
590 _aKA NTK
651 4 _aUnited Kingdom
_y
690 _aPROPERTY-RESIDENTIAL PROPERTY-RESIDENTIAL PROPERTY MARKET
856 4 0 _uhttps://www.lloydsbankinggroup.com/media/pdfs/halifax/2011/020511_Million_pound_sales_rise.pdf
_zView this item free of charge at www.lloydsbankinggroup.com
942 _n0
999 _c83111
_d83111